<?xml version="1.0" encoding="UTF-8"?>
<record
    xmlns:xsi="http://www.w3.org/2001/XMLSchema-instance"
    xsi:schemaLocation="http://www.loc.gov/MARC21/slim http://www.loc.gov/standards/marcxml/schema/MARC21slim.xsd"
    xmlns="http://www.loc.gov/MARC21/slim">

  <leader>01960agaaa2200337   4500</leader>
  <controlfield tag="001">1968</controlfield>
  <controlfield tag="003">IT-RoPAU</controlfield>
  <controlfield tag="005">20220918181224.0</controlfield>
  <controlfield tag="007">d cvaizq</controlfield>
  <controlfield tag="008">50131s9999||||xx ||| |     ||   ||und||</controlfield>
  <datafield tag="040" ind1=" " ind2=" ">
    <subfield code="a">IT-RoPAU</subfield>
    <subfield code="c">IT-RoPAU</subfield>
  </datafield>
  <datafield tag="041" ind1=" " ind2=" ">
    <subfield code="a">ITALIANO</subfield>
  </datafield>
  <datafield tag="100" ind1=" " ind2=" ">
    <subfield code="a">Bergman Ingmar</subfield>
    <subfield code="g">Codice regista SPICS: 9304</subfield>
    <subfield code="9">34076</subfield>
  </datafield>
  <datafield tag="130" ind1=" " ind2=" ">
    <subfield code="a">SILENZIO (IL)</subfield>
    <subfield code="9">37212</subfield>
  </datafield>
  <datafield tag="240" ind1=" " ind2=" ">
    <subfield code="a">TYSTNADEN</subfield>
    <subfield code="g">T0681</subfield>
  </datafield>
  <datafield tag="245" ind1=" " ind2=" ">
    <subfield code="a">SILENZIO (IL)</subfield>
    <subfield code="c">Prodotto da: Svensk Filmindustri -- Sceneggiatura: Ingmar Bergman -- Diretto da: Bergman Ingmar</subfield>
    <subfield code="p">SILENZIO (IL) (Rif. Codice opera principale : 71968)</subfield>
  </datafield>
  <datafield tag="246" ind1=" " ind2=" ">
    <subfield code="a">TYSTNADEN</subfield>
  </datafield>
  <datafield tag="250" ind1=" " ind2=" ">
    <subfield code="a">Edizione Standard</subfield>
  </datafield>
  <datafield tag="260" ind1=" " ind2=" ">
    <subfield code="a">(SVEZIA)</subfield>
    <subfield code="b">SVENSK / Distribuzione: MASTER VIDEO</subfield>
    <subfield code="g">"1963 (1&#xB0; ed.: 1988 ; Ed. Lingua Orig.: 1963)"</subfield>
  </datafield>
  <datafield tag="300" ind1=" " ind2=" ">
    <subfield code="a">VHS</subfield>
    <subfield code="b">sonoro, col.</subfield>
    <subfield code="c">95 minuti</subfield>
  </datafield>
  <datafield tag="508" ind1=" " ind2=" ">
    <subfield code="a">"Fotografia: Sven Nykvist; Montaggio: Ulla Ryghe; Musica: Bach Johann Sebastian; Sceneggiatura: Ingmar Bergman; Scenografia: Lundgren P.A.; "</subfield>
  </datafield>
  <datafield tag="511" ind1=" " ind2=" ">
    <subfield code="a">"Ingrid-Thulin; Gunnel-Lindblom; Jorgem-Lindstrom; Haakan-Jahnberg; Birger-Malmsten"</subfield>
  </datafield>
  <datafield tag="520" ind1=" " ind2=" ">
    <subfield code="a">ALTRI-INTERPRETI: LISSI-ALANDH LEIF-FORSTENBERG NILS-WALDT EDUARDO-GUTIERREZ GLI-EDUARDINI TEMATICHE: INCOMUNICABILITA'-SOLITUDINE-EGOISMO NEGATIVITA'-DELL'ESISTENZA-UMANA ODIO-SENSUALITA' INIBIZIONI-PSICHICHE ALIENAZIONE VIOLENZA-E-MORTE RICERCA-DEL-TRASCENDENTE-E-SILENZIO-DI-DIO DIMENSIONE-RELIGIOSA-NEI-FILM-DI-BERGMANPROTAGONISTE-DELLA-VICENDA-SONO-DUE-SORELLE-ESTER-E-ANNA CONTRASTO-PSICOLOGICO-FRA-LE-DUE-SORELLE BAMBINO-CHE-ASSISTE-PENSIEROSO-AL-DRAMMA-DELLE-DUE-SORELLE DRAMMA-DELL'ESISTENZA</subfield>
  </datafield>
  <datafield tag="538" ind1=" " ind2=" ">
    <subfield code="a">PAL, STEREO</subfield>
  </datafield>
  <datafield tag="546" ind1=" " ind2=" ">
    <subfield code="a">ITALIANO</subfield>
  </datafield>
  <datafield tag="650" ind1=" " ind2=" ">
    <subfield code="a">PSICOLOGICO</subfield>
    <subfield code="e">FILMS [VHS]</subfield>
    <subfield code="x">Codice MATERIA SPICS: 9960</subfield>
    <subfield code="9">37213</subfield>
  </datafield>
  <datafield tag="700" ind1=" " ind2=" ">
    <subfield code="a">Bach Johann Sebastian</subfield>
    <subfield code="e">(musica)</subfield>
    <subfield code="g">Codice Musica SPICS: 9695</subfield>
    <subfield code="9">37214</subfield>
  </datafield>
  <datafield tag="700" ind1=" " ind2=" ">
    <subfield code="a">Bergman Ingmar </subfield>
    <subfield code="e">(regista)</subfield>
    <subfield code="g">Codice regista SPICS: 9304</subfield>
    <subfield code="9">34076</subfield>
  </datafield>
  <datafield tag="700" ind1=" " ind2=" ">
    <subfield code="a">Bergman Ingmar </subfield>
    <subfield code="e">(soggetto)</subfield>
    <subfield code="g">Codice Soggetto SPICS: 9304</subfield>
    <subfield code="9">37215</subfield>
  </datafield>
  <datafield tag="942" ind1=" " ind2=" ">
    <subfield code="c">VH</subfield>
    <subfield code="2">ddc</subfield>
  </datafield>
  <datafield tag="999" ind1=" " ind2=" ">
    <subfield code="c">104703</subfield>
    <subfield code="d">104703</subfield>
  </datafield>
  <datafield tag="952" ind1=" " ind2=" ">
    <subfield code="0">0</subfield>
    <subfield code="1">0</subfield>
    <subfield code="4">0</subfield>
    <subfield code="6">71968_000000000000000</subfield>
    <subfield code="7">1</subfield>
    <subfield code="a">SPICS</subfield>
    <subfield code="b">SPICS</subfield>
    <subfield code="d">2015-01-31</subfield>
    <subfield code="l">0</subfield>
    <subfield code="o">71968</subfield>
    <subfield code="r">2015-01-31 00:00:00</subfield>
    <subfield code="w">2015-01-31</subfield>
    <subfield code="y">VH</subfield>
    <subfield code="z">Progr. Ins.: 2438 / N.Vol.:1 / Copie: 2 / Pag.:0 / Copia rara: n.d. / date import: 1.2.2015 / By Epidotti, Trombetti, Vaglietti</subfield>
  </datafield>
</record>
